Score 0/30 Timer 04:00
7 Plays Today
% Correct
New York City Boroughs
94.3%
Cocktails
93.9%
Traffic Signs
92.4%
Hogwarts Houses
92.2%
Bridges
92.1%
Gospels
91.7%
Arm Bones
91.3%
Operating Systems
91.2%
Spanish Numbers
90.8%
Black Eyed Peas
89.6%
Alloys
88.4%
Tools
87.8%
Geometry Terms
86.3%
Arachnids
86.1%
Word Games
83.7%
% Correct
Cooking Techniques
83.4%
Pink Floyd Albums
83.4%
Weightlifting Events
83%
Game Shows
77.5%
Commodes
75.9%
Felines
74.4%
Pomes
72.8%
Architectural Orders
71.3%
Mortal Kombat Characters
70.9%
Cheeses
69.3%
Chickens
67.2%
Suicide Squad
67.1%
Occupations
64%
Lunar Maria
44.2%
Musical Modes
33.7%
Remove Ads.
Support Sporcle.
Get the best of Sporcle when you Go Orange. This ad-free experience offers more features, more stats, and more fun while also helping to support Sporcle. Thank you for becoming a member.

You're not logged in!

Compare scores with friends on all Sporcle quizzes.
OR
Log In

Show Comments

Extras

Top Quizzes Today


Score Distribution

Your Account Isn't Verified!

In order to create a playlist on Sporcle, you need to verify the email address you used during registration. Go to your Sporcle Settings to finish the process.

Report this User

Report this user for behavior that violates our Community Guidelines.

Details: